UK Residential Market Survey (Record no. 121855)
[ view plain ]
| 000 -LEADER | |
|---|---|
| fixed length control field | 01562nam a22002177a 4500 |
| 001 - CONTROL NUMBER | |
| control field | 121855 |
| 008 - FIXED-LENGTH DATA ELEMENTS--GENERAL INFORMATION | |
| fixed length control field | 240126e20240212xxk|||||o|||| 00| 0 eng d |
| 041 ## - LANGUAGE CODE | |
| Language code of text/sound track or separate title | eng |
| 110 ## - MAIN ENTRY--CORPORATE NAME | |
| Corporate author | Royal Institution of Chartered Surveyors |
| 245 ## - TITLE STATEMENT | |
| Title | UK Residential Market Survey |
| Subtitle | January 2024 |
| Medium | [Electronic resource] |
| 260 ## - PUBLICATION INFORMATION | |
| Place of publication | London, |
| Publisher | Royal Institution of Chartered Surveyors, |
| Date | February 2024 |
| 300 ## - PHYSICAL DESCRIPTION | |
| Physical description | 18p |
| 490 ## - SERIES TITLE | |
| Series statement | RICS UK Residential Market Survey |
| 520 ## - ABSTRACT | |
| Abstract | The January 2024 RICS UK Residential Survey results <br/>show another slight improvement across all sales <br/>market activity indicators. Moreover, sentiment <br/>regarding the outlook for sales volumes over the <br/>coming twelve months has turned increasingly positive, <br/>supported by expectation that interest rates will ease <br/>back to a certain degree as the year progresses. <br/>At the national level, the new buyer enquiries series <br/>posted a net balance reading of +7% in January, up <br/>from a figure of -3% previously. As such, this is now <br/>consistent with a gradual recovery coming through <br/>for buyer demand. Although still relatively modest in <br/>a longer term context, the latest reading is in fact the <br/>most positive since February 2022. |
| 650 ## - KEYWORDS | |
| Keywords | HOUSING MARKET |
| 650 ## - KEYWORDS | |
| Keywords | RESIDENTIAL PROPERTY |
| 651 ## - SUBJECT ADDED ENTRY--GEOGRAPHIC NAME | |
| Geographic name | United Kingdom |
| 710 ## - ADDED CORPORATE NAME | |
| Added corporate author | Royal Institution of Chartered Surveyors |
| 856 ## - ONLINE RESOURCE | |
| Uniform Resource Identifier | <a href="https://www.rics.org/content/dam/ricsglobal/documents/market-surveys/uk-residential-market-survey/January-2024_RICS-UK-Residential-Market-Survey.pdf">https://www.rics.org/content/dam/ricsglobal/documents/market-surveys/uk-residential-market-survey/January-2024_RICS-UK-Residential-Market-Survey.pdf</a> |
| Public note | Available free on RICS.org |
| 942 ## - ADDED ENTRY ELEMENTS (KOHA) | |
| Suppress in OPAC | Do not suppress in OPAC |
| Lost status | Damaged status | Not for loan | Current library | Shelving location | Date acquired | Total Checkouts | Full call number | Date last seen | Price effective from | Koha item type |
|---|---|---|---|---|---|---|---|---|---|---|
| Virtual | Online | 15/03/2024 | MARKET DATA | 15/03/2024 | 15/03/2024 | Online material |